[Event "Olympiad-42"]
[Site "Baku"]
[Date "2016.09.10"]
[Round "8.4"]
[White "Rakotomaharo, Tahina Hajanirina"]
[Black "Garcia Guerrero, Isaac Antonio"]
[Result "0-1"]
[WhiteElo "2060"]
[BlackElo "2308"]
[PlyCount "113"]
[EventDate "2016.09.02"]
[EventType "team-swiss"]
[EventRounds "11"]
[EventCountry "AZE"]
[SourceTitle "CBM 175"]
[Source "ChessBase"]
[SourceDate "2016.11.10"]
[SourceVersion "1"]
[SourceVersionDate "2016.11.10"]
[SourceQuality "1"]
[WhiteTeam "Madagascar"]
[BlackTeam "Mexico"]
[WhiteTeamCountry "MAD"]
[BlackTeamCountry "MEX"]

1. d4 Nf6 2. c4 e6 3. Nc3 d5 4. cxd5 exd5 5. Bg5 Bb4 6. Qa4+ Nc6 7. e3 h6 8. Bxf6 Qxf6 9. Nf3 0-0 10. Qc2 Rd8 11. Bd3 Bg4 12. Be2 Bf8 13. a3 Ne7 14. Ne5 Bf5 15. Bd3 c6 16. 0-0 a5 17. b4 axb4 18. axb4 g6 19. Bxf5 Nxf5 20. b5 Rxa1 21. Rxa1 c5 22. Qd2 Bg7 23. f4 cxd4 24. exd4 Qb6 25. Rd1 Bf8 26. Kh1 Bb4 27. Qd3 Qxd4 28. Qxd4 Nxd4 29. Rxd4 Bxc3 30. Ra4 Bxe5 31. fxe5 d4 32. Kg1 d3 33. Ra1 d2 34. Rd1 Kf8 35. Kf2 Ke7 36. Ke3 Ke6 37. Ke4 Rd5 38. b6 Rxe5+ 39. Kd4 Rd5+ 40. Ke3 Kd6 41. h3 Kc6 42. Ke2 Kxb6 43. Rb1+ Kc5 44. Kd1 b5 45. Ra1 Rg5 46. g4 f5 47. Kxd2 fxg4 48. Rc1+ Kd4 49. h4 Rh5 50. Rc6 Rxh4 51. Rxg6 Rh2+ 52. Ke1 h5 53. Kf1 b4 54. Kg1 Rh3 55. Kg2 b3 56. Rg8 b2 57. Rb8 0-1

[Event "Olympiad-42"]
[Site "Baku"]
[Date "2016.09.09"]
[Round "7.4"]
[White "Medina Viana, Ricardo"]
[Black "Rakotomaharo, Tahina Hajanirina"]
[Result "1-0"]
[WhiteElo "2016"]
[BlackElo "2060"]
[PlyCount "69"]
[EventDate "2016.09.02"]
[EventType "team-swiss"]
[EventRounds "11"]
[EventCountry "AZE"]
[SourceTitle "CBM 175"]
[Source "ChessBase"]
[SourceDate "2016.11.10"]
[SourceVersion "1"]
[SourceVersionDate "2016.11.10"]
[SourceQuality "1"]
[WhiteTeam "Honduras"]
[BlackTeam "Madagascar"]
[WhiteTeamCountry "HON"]
[BlackTeamCountry "MAD"]

1. e4 e6 2. d4 d5 3. Nc3 Nc6 4. e5 f6 5. exf6 Nxf6 6. Nf3 Bd6 7. Bd3 0-0 8. Bg5 Qe8 9. 0-0 Qh5 10. Bxf6 Rxf6 11. Nb5 e5 12. Nxe5 Qxd1 13. Raxd1 Nxe5 14. dxe5 Bxe5 15. Rfe1 Re6 16. Bf5 Bxh2+ 17. Kxh2 Rxe1 18. Bxh7+ Kxh7 19. Rxe1 Bd7 20. Nd4 c5 21. Re7 Rd8 22. Nf3 Bc6 23. Ng5+ Kg6 24. Rxg7+ Kxg7 25. Ne6+ Kf6 26. Nxd8 d4 27. Nxc6 bxc6 28. b3 Kf5 29. Kg1 Ke4 30. Kf1 d3 31. cxd3+ Kxd3 32. g4 c4 33. bxc4 Kxc4 34. g5 Kd5 35. Ke2 1-0

[Event "Olympiad-42"]
[Site "Baku"]
[Date "2016.09.06"]
[Round "5.4"]
[White "Daly, Colm"]
[Black "Rakotomaharo, Tahina Hajanirina"]
[Result "1-0"]
[WhiteElo "2328"]
[BlackElo "2060"]
[PlyCount "129"]
[EventDate "2016.09.02"]
[EventType "team-swiss"]
[EventRounds "11"]
[EventCountry "AZE"]
[SourceTitle "CBM 175"]
[Source "ChessBase"]
[SourceDate "2016.11.10"]
[SourceVersion "1"]
[SourceVersionDate "2016.11.10"]
[SourceQuality "1"]
[WhiteTeam "Ireland"]
[BlackTeam "Madagascar"]
[WhiteTeamCountry "IRL"]
[BlackTeamCountry "MAD"]

1. c4 Nf6 2. Nc3 d5 3. cxd5 Nxd5 4. g3 g6 5. Bg2 Nb6 6. d3 Bg7 7. h4 0-0 8. h5 a5 9. Be3 a4 10. Rc1 a3 11. b3 Ra5 12. hxg6 fxg6 13. b4 Ra8 14. Qb3+ Kh8 15. Nh3 Bxh3 16. Rxh3 Nc6 17. Bxc6 bxc6 18. Ne4 Qd5 19. Qb1 Na4 20. Rh4 Rfb8 21. Rc4 Rb5 22. Qc1 Nb2 23. Nc3 Qg2 24. Nxb5 Nxc4 25. Qxc4 cxb5 26. Qc1 Qg1+ 27. Kd2 Qxc1+ 28. Kxc1 Ra6 29. Re4 Rc6+ 30. Bc5 Kg8 31. Kc2 e6 32. Kb3 Bb2 33. Bd4 Bc1 34. Re5 Rd6 35. Be3 Bxe3 36. Rxe3 Kf7 37. Re5 c6 38. Rc5 Kf6 39. f4 Ke7 40. Kxa3 Kd7 41. Kb3 Kc7 42. a4 bxa4+ 43. Kxa4 Kb6 44. Re5 Ka6 45. Kb3 Kb7 46. Kc3 Kc7 47. Kc4 Kb6 48. Re4 Rd7 49. Rxe6 Ra7 50. d4 Ra1 51. d5 Rc1+ 52. Kb3 Rb1+ 53. Kc3 Rg1 54. Rxc6+ Kb7 55. Kd4 Rxg3 56. b5 h5 57. d6 Rg1 58. Ke5 Rd1 59. e4 h4 60. Rc3 Kb6 61. Ke6 Rd4 62. e5 Rxf4 63. d7 Rd4 64. Rc6+ Kxb5 65. Rd6 1-0

[Event "Analamanga-ch"]
[Site "Antananarivo"]
[Date "2015.08.16"]
[Round "5"]
[White "Raharison, Dina Fanomezana"]
[Black "Rakotomaharo, Tahina Hajanirina"]
[Result "0-1"]
[WhiteElo "1906"]
[BlackElo "2002"]
[PlyCount "95"]
[EventDate "2015.08.15"]
[EventType "swiss"]
[EventRounds "6"]
[EventCountry "MAD"]
[SourceTitle "EXT 2018"]
[Source "ChessBase"]
[SourceDate "2017.10.13"]
[SourceVersion "1"]
[SourceVersionDate "2017.10.13"]
[SourceQuality "1"]

1. e4 e5 2. Nf3 Nc6 3. Bc4 Nf6 4. d3 Bc5 5. h3 d6 6. a3 Bb6 7. Nc3 Ne7 8. Bg5 c6 9. Qe2 Ng6 10. Bd2 0-0 11. 0-0 h6 12. Kh1 Nh5 13. Nh2 Nhf4 14. Bxf4 Nxf4 15. Qf3 Bd4 16. Nd1 b5 17. Bb3 Be6 18. Ba2 Bxa2 19. Rxa2 Qd7 20. Ra1 f5 21. Rb1 fxe4 22. dxe4 Rf6 23. Qb3+ Kh7 24. g4 Raf8 25. Qg3 Ne2 26. Qg2 Nf4 27. Qg3 Bb6 28. c3 g5 29. Ne3 Bxe3 30. Qxe3 Ng6 31. Rbd1 Nh4 32. f3 a5 33. Kg1 Qf7 34. Rd2 a4 35. Kh1 Qc4 36. Rff2 R6f7 37. Kg1 Kg7 38. Qb6 Qc5 39. Qxc5 dxc5 40. Rd1 Nxf3+ 41. Nxf3 Rxf3 42. Rxf3 Rxf3 43. Rd7+ Rf7 44. Rd6 Rf6 45. Rd7+ Kf8 46. Kg2 c4 47. Rd2 Ke7 48. Kg3 0-1

[Event "Analamanga-ch"]
[Site "Antananarivo"]
[Date "2015.08.16"]
[Round "6"]
[White "Rakotomaharo, Tahina Hajanirina"]
[Black "Andriamasoandro, Miora Ismael"]
[Result "1/2-1/2"]
[WhiteElo "2002"]
[BlackElo "2117"]
[PlyCount "133"]
[EventDate "2015.08.15"]
[EventType "swiss"]
[EventRounds "6"]
[EventCountry "MAD"]
[SourceTitle "EXT 2018"]
[Source "ChessBase"]
[SourceDate "2017.10.13"]
[SourceVersion "1"]
[SourceVersionDate "2017.10.13"]
[SourceQuality "1"]

1. d4 Nf6 2. c4 e6 3. Nc3 Bb4 4. f3 d5 5. a3 Bxc3+ 6. bxc3 c5 7. cxd5 Nxd5 8. Qd3 Qc7 9. dxc5 Na6 10. e4 Nxc5 11. Qd4 Nf6 12. Bf4 Qxf4 13. Qxc5 Nd7 14. Bb5 Qh4+ 15. g3 Qe7 16. Qxe7+ Kxe7 17. Ne2 e5 18. 0-0-0 a6 19. Bxd7 Bxd7 20. Rd5 f6 21. Rhd1 Be6 22. Rd6 Rac8 23. Kc2 Rc7 24. R1d2 Rhc8 25. Kb2 Bc4 26. Nc1 Bb5 27. Na2 a5 28. R6d5 Bc4 29. Rxa5 Bxa2 30. Kxa2 Rxc3 31. Rb5 R8c7 32. Rdb2 Rxf3 33. Rxb7 Kd8 34. Rxc7 Kxc7 35. a4 f5 36. exf5 e4 37. Rb4 e3 38. Re4 Kd6 39. a5 Rxf5 40. Rxe3 Rxa5+ 41. Kb3 Re5 42. Rf3 Ke6 43. g4 Re4 44. h3 h5 45. gxh5 Rh4 46. Kc3 Rxh5 47. Kd3 Ke5 48. Rg3 g5 49. Ke3 Kf5 50. Rf3+ Kg6 51. Kf2 Rh8 52. Kg3 Kh5 53. Rb3 Rd8 54. h4 gxh4+ 55. Kh3 Rd5 56. Ra3 Rb5 57. Rc3 Rd5 58. Rb3 Kg5 59. Rb1 Re5 60. Rb3 Re1 61. Rb5+ Kf4 62. Rb4+ Ke3 63. Kxh4 Rg1 64. Kh5 Kd3 65. Ra4 Ke2 66. Ra2+ Kf3 67. Ra4 1/2-1/2